000 01107nam0a22003011 4500
001 rc\3210819
005 20250609191334.0
021 _aRU
_b[76-79109]
035 _a(NLR Aleph) 007463456
090 _a7341522
_c7341522
100 _a20130115d1976 |||y0rusy50 ca
101 1 _arus
_cest
102 _aRU
105 _aa z |||||
200 1 _aБернхард Шмидт
_e[Пер. с эст.]
_fП.В. Мюрсепп
_gАН ЭССР, Ин-т физики
210 _aТаллин
_cВалгус
_d1976
215 _a52 с., 8 л. ил.
_cил.
_d20
320 _aСписок лит.: с. 51
606 _aТелескопы
_xИстория открытия
_2psbo
606 _aАстрономическая наука в ЭССР
_xИстория
_2psbo
606 _aАстрономическая наука в Германии
_xИстория
_2psbo
700 1 _aМюрсепп
_bП.В.
_gПээтер Виллемович
702 1 _aШмидт
_bБ.
_gБернхард
_4570
801 0 _aRU
_bNLR
_gpsbo
801 1 _aRU
_bELAR
_2rusmarc
852 _aNLR
_j77-4/5614
942 _cBOOK
980 _aNB